000 00274nam a2200109Ia 4500
008 190912s9999||||xx |||||||||||||| ||und||
100 _aBooch, Jacobson
245 4 _aThe Unified Modelling Language User Guide
260 _aIndia
_bAddision
_c1999
300 _a482
942 _cBK
999 _c7503
_d7503